000
00313nam a22001337a 4500
020
_a
817826345-9
082
_a
823
_b
SHA/M
100
_a
WILLIAM SHAKESPEARE
245
_a
MIDSUMMER NIGHT'S DREAM
260
_a
DELHI
_b
ROHAN BOOK COMPANY
_c
2003
300
_a
224
650
_a
MODERN ILLUSTRATED CLASSICS
942
_c
BK
999
_c
428
_d
428